God's safety zone. (Record no. 12587)

000 -LEADER
fixed length control field 00735nam a2200229 a 4500
001 - CONTROL NUMBER
control field :::00010395$&:&@@
003 - CONTROL NUMBER IDENTIFIER
control field OkBaRHE
005 - DATE AND TIME OF LATEST TRANSACTION
control field 20010405110131.0
008 - FIXED-LENGTH DATA ELEMENTS--GENERAL INFORMATION
fixed length control field j 000 0 eng u
040 ## - CATALOGING SOURCE
Transcribing agency
100 1# - MAIN ENTRY--PERSONAL NAME
Personal name Douglas Sr., John E. and Douglas, Edith C.
245 10 - TITLE STATEMENT
Title God's safety zone.
260 ## - PUBLICATION, DISTRIBUTION, ETC. (IMPRINT)
Place of publication, distribution, etc Dallas, TX., :
Name of publisher, distributor, etc John Douglas, Sr.
300 ## - PHYSICAL DESCRIPTION
Extent 32 p. ;
Dimensions 21 cm.
650 ## - SUBJECT ADDED ENTRY--TOPICAL TERM
Topical term or geographic name as entry element Christian Life
650 ## - SUBJECT ADDED ENTRY--TOPICAL TERM
Topical term or geographic name as entry element Faith
650 ## - SUBJECT ADDED ENTRY--TOPICAL TERM
Topical term or geographic name as entry element Healing
700 ## - ADDED ENTRY--PERSONAL NAME
Personal name Douglas, Edith C., Joint author.
942 ## - ADDED ENTRY ELEMENTS (KOHA)
Source of classification or shelving scheme
Koha item type Books
Copies
Source of classification or shelving scheme Lost status Full call number Copy number Price effective from Withdrawn status Not for loan Date acquired Shelving location Damaged status Permanent Location Barcode Koha item type Date last seen
  BV 4501 .D612010-04-14  2010-04-14General Stacks RHEMA Bible Training College10395Books2010-04-14
  BV 4501 .D622010-04-14  2010-04-14General Stacks RHEMA Bible Training College19425Books2010-04-14